Southville International School and Colleges
Your cart is empty.
  • Cart
  • Lists
    Public lists Eva Luna New books Lux_list list_1
    Your lists Log in to create your own lists
  • Log in to your account
  • Your cookies
  • Search history
Southville International School and Colleges
  • Advanced search
  • Recent comments
  • Most popular
  • Libraries

Log in to your account

Log in with GOOGLE


If you do not have an external account, but do have a local account, you can still log in:

  1. Home
  2. MARC view: Fluffy's 100th day at school /
Normal view MARC view ISBD view

Fluffy's 100th day at school / (Record no. 105965)

[ view plain ]
MARC details
000 -LEADER
fixed length control field 00594nam a2200181 a 4500
005 - DATE AND TIME OF LATEST TRANSACTION
control field 20140412111419.0
008 - FIXED-LENGTH DATA ELEMENTS--GENERAL INFORMATION
fixed length control field 070906s19uu xx 00 eng d
020 ## - INTERNATIONAL STANDARD BOOK NUMBER
International Standard Book Number 0-590-52309-0
050 ## - LIBRARY OF CONGRESS CALL NUMBER
Classification number TR(PS E
Item number Fl59 1999
100 ## - MAIN ENTRY--PERSONAL NAME
Personal name McMullan, Kate
245 ## - TITLE STATEMENT
Title Fluffy's 100th day at school /
Statement of responsibility, etc Kate McMullan.
260 ## - PUBLICATION, DISTRIBUTION, ETC. (IMPRINT)
Place of publication, distribution, etc U.S.A :
Name of publisher, distributor, etc Scholastic,
Date of publication, distribution, etc 1999.
440 ## - SERIES STATEMENT/ADDED ENTRY--TITLE
Title Hello Reader
520 ## - SUMMARY, ETC.
Summary, etc Fluffy the guinea pig enjoys himself when Ms. Days class has a party to celebrate the one hundreth day of school.
650 ## - SUBJECT ADDED ENTRY--TOPICAL TERM
Topical term or geographic name as entry element Guinea pigs
General subdivision fiction
650 ## - SUBJECT ADDED ENTRY--TOPICAL TERM
Topical term or geographic name as entry element Schools
General subdivision fiction
Holdings
Withdrawn status Lost status Damaged status Home library Current library Shelving location Date acquired Source of acquisition Cost, normal purchase price Total Checkouts Full call number Barcode Date last seen Price effective from Koha item type
      Elizalde Library Elizalde Library Teachers Reference Section 09/06/2007   99.00   TR(PS E Fl59 1999 E11029 04/12/2014 04/12/2014 Books

Fluffy's 100th day at school /

APA

McMullan K., . (1999). Fluffy's 100th day at school. U.S.A: Scholastic.

Chicago

McMullan Kate, . 1999. Fluffy's 100th day at school. U.S.A: Scholastic.

Harvard

McMullan K., . (1999). Fluffy's 100th day at school. U.S.A: Scholastic.

MLA

McMullan Kate, . Fluffy's 100th day at school. U.S.A: Scholastic. 1999.

  • Place hold
  • Print
  • Cite
  • Add to your cart (remove)
  • Save record
    BIBTEX Dublin Core MARCXML MARC (non-Unicode/MARC-8) MARC (Unicode/UTF-8) MARC (Unicode/UTF-8, Standard) MODS (XML) RIS
  • More searches
    Search for this title in:
    Other Libraries (WorldCat) Other Databases (Google Scholar) Online Stores (Bookfinder.com) Open Library (openlibrary.org)

Exporting to Dublin Core...

SOUTHVILLE LIBRARY

Southville International School and Colleges Library

1281 Tropical Ave. Cor. Luxembourg St., BF Homes International, Las Pinas City

Tel. No. 8256374 / 252358 Loc. 117/146

Powered by Koha